Spy High: The Soul Stealer (Record no. 2437)

MARC details
000 -LEADER
fixed length control field 00380nam a22001697a 4500
005 - DATE AND TIME OF LATEST TRANSACTION
control field 20260407161940.0
008 - FIXED-LENGTH DATA ELEMENTS--GENERAL INFORMATION
fixed length control field 160611b xxu||||| |||| 00| 0 eng d
020 ## - INTERNATIONAL STANDARD BOOK NUMBER
ISBN 9781904233176
041 ## - LANGUAGE CODE
Language code of text/sound track or separate title eng
082 ## - DEWEY DECIMAL CLASSIFICATION NUMBER
Classification number 823.92
100 ## - MAIN ENTRY--AUTHOR NAME
Personal name Butcher, A.J.
245 ## - TITLE STATEMENT
Title Spy High: The Soul Stealer
260 ## - PUBLICATION, DISTRIBUTION, ETC. (IMPRINT)
Name of publisher Atom Books
300 ## - PHYSICAL DESCRIPTION
Number of Pages 233
650 ## - SUBJECT ADDED ENTRY--TOPICAL TERM
Topical Term Management
942 ## - ADDED ENTRY ELEMENTS (KOHA)
Koha item type Books
Holdings
Lost status Damaged status Collection code Home library Current library Shelving location Date acquired Cost, normal purchase price Full call number Accession Number Koha item type
    LIFE SKILL JRU Library JRU Library SHELF-101-C 11/06/2016 3.00 823.92 7002 Books